Sports Quiz

Random Sports or Football Quiz
Score 0/86 Timer 10:00
0 Plays Today
% Correct
France
89.2%
Great Britain
89.2%
Argentina
89.2%
Germany
87.8%
Italy
87.8%
Brazil
87.8%
Uruguay
87.8%
Bulgaria
86.5%
Sweden
86.5%
Mexico
86.5%
United States
86.5%
Australia
86.5%
Japan
86.5%
Belgium
85.1%
Denmark
85.1%
Greece
85.1%
Hungary
85.1%
Netherlands
85.1%
Poland
85.1%
South Korea
85.1%
Czech Republic
83.8%
Norway
83.8%
Portugal
83.8%
Romania
83.8%
Switzerland
83.8%
Chile
83.8%
Paraguay
83.8%
Cameroon
83.8%
Egypt
83.8%
% Correct
Nigeria
83.8%
Austria
82.4%
East Germany
82.4%
Russia
82.4%
Spain
82.4%
Turkey
82.4%
Peru
82.4%
Canada
82.4%
South Africa
82.4%
China
82.4%
Saudi Arabia
82.4%
Algeria
81.1%
New Zealand
81.1%
Finland
79.7%
Colombia
79.7%
Soviet Union
78.4%
Côte d'Ivoire
78.4%
Iran
78.4%
North Korea
78.4%
Senegal
77.1%
Ghana
77%
Morocco
77%
Czechoslovakia
75.7%
Israel
75.7%
SFR Yugoslavia
75.7%
Costa Rica
75.7%
Serbia
74.3%
Iraq
74.3%
Honduras
73%
% Correct
Ireland
71.6%
UAE
71.6%
Slovakia
68.9%
Tunisia
67.6%
Venezuela
66.2%
India
62.2%
El Salvador
60.8%
Belarus
55.4%
Zambia
52.7%
Qatar
51.4%
Lithuania
47.3%
Luxembourg
47.3%
Mali
47.3%
Indonesia
45.9%
Estonia
44.6%
Kuwait
44.6%
Latvia
41.9%
Thailand
40.5%
Syria
39.2%
Guatemala
37.8%
Gabon
36.5%
Guinea
36.5%
Malaysia
32.4%
Sudan
31.1%
Afghanistan
28.4%
Chinese Taipei
27%
Netherlands Antilles
23%
Burma
14.9%
Remove Ads.
Support Sporcle.
Get the best of Sporcle when you Go Orange. This ad-free experience offers more features, more stats, and more fun while also helping to support Sporcle. Thank you for becoming a member.

You're not logged in!

Compare scores with friends on all Sporcle quizzes.
OR
Log In

Show Comments

Extras

Top Quizzes Today


Score Distribution

Your Account Isn't Verified!

In order to create a playlist on Sporcle, you need to verify the email address you used during registration. Go to your Sporcle Settings to finish the process.

Report this User

Report this user for behavior that violates our Community Guidelines.

Details: